[Event "EU-chT prel"]
[Site "Aarhus"]
[Date "1971.09.10"]
[Round "6"]
[White "Filipowicz, Andrzej"]
[Black "Zinn, Lothar"]
[Result "1-0"]
[WhiteElo "2410"]
[BlackElo "2400"]

1.e4 g6 2.d4 Bg7 3.Nc3 c6 4.Nf3 d6 5.h3 Qc7 6.a4 Nd7 7.Bc4 Ngf6 8.Qe2 O-O
9.O-O e5 10.dxe5 dxe5 11.Be3 Nh5 12.Rfd1 Nf4 13.Qf1 Nb6 14.Bc5 Rd8 15.Rxd8+ Qxd8
16.Rd1 Qe8 17.a5 Nd7 18.Bd6 h6 19.Ne2 Ne6 20.Qe1 Nec5 21.Nc1 b5 22.Ba2 Nb7
23.b4 Nxd6 24.Rxd6 c5 25.bxc5 Nxc5 26.Rxg6 Be6 27.Bxe6 Nxe6 28.Rg3 Rc8 29.c3 Nf4
30.Nh4 Kh7 31.Nf5 Bf8 32.Qd1 Rc6 33.Kh2 a6 34.Nh4 Qc8 35.Na2 Rc4 36.Qf3 Qe6
37.Nf5 Ng6 38.Ne3 Rc6 39.Nd5 Be7 40.Nab4 Rc4 41.Qf5 Bh4 42.Rg4 Bd8 43.Nxa6 Bxa5
44.Nf6+ Kg7 45.Rxg6+  1-0

[Event "IBM-B"]
[Site "Amsterdam"]
[Date "1971.??.??"]
[Round "10"]
[White "Zuidema, Coenraad"]
[Black "Kurajica, Bojan"]
[Result "0-1"]
[WhiteElo "2430"]
[BlackElo "2490"]

1.e4 g6 2.d4 Bg7 3.Nc3 c6 4.Nf3 d6 5.Be2 Nf6 6.O-O O-O 7.Re1 Qc7 8.Bf4 Nh5
9.Be3 e5 10.a4 Bg4 11.Qd2 Nf6 12.Rad1 Nbd7 13.dxe5 dxe5 14.Qd6 Qxd6 15.Rxd6 Rfe8
16.h3 Bxf3 17.Bxf3 Bf8 18.Rd2 Bb4 19.g4 Re7 20.g5 Ne8 21.Red1 Nb6 22.Rd8 Rxd8
23.Rxd8 Nc4 24.Bxa7 Nxb2 25.Na2 Ba5 26.Ra8 b6 27.Nc1 Kg7 28.Nb3 Nc7 29.Rc8 Ne6
30.Nxa5 bxa5 31.Be3 Rc7 32.Rxc7 Nxc7 33.Bg4 Nxa4 34.Bd7 Ne6 35.Bxc6 Nc3 36.Kf1 Nd4
37.Bd7 Nxc2 38.Bd2 Nxe4 39.Bxa5 Nxg5 40.Bc3 f6 41.Kg2 Ne4 42.Ba5 Nc5 43.Bc6 Nd4
44.Ba8 Nce6 45.Bb4 Nf4+ 46.Kg3 Nf5+  0-1

[Event "Rubinstein mem"]
[Site "Polanica Zdroj"]
[Date "1971.??.??"]
[Round "2"]
[White "Estrin, Yacov"]
[Black "Zaitsev, Alexander N"]
[Result "1/2-1/2"]
[WhiteElo "2400"]
[BlackElo "2530"]

1.e4 g6 2.d4 Bg7 3.Nc3 c6 4.Nf3 d6 5.h3 Nd7 6.Be3 Qc7 7.a4 e5 8.Be2 Ngf6
9.O-O O-O 10.dxe5 dxe5 11.Bc4 Nb6 12.Bb3 Qe7 13.Qe2 Be6 14.Nd2 Nh5 15.Bxe6 fxe6
16.g3 Nd7 17.Nf3 Rf7 18.Kh2 Raf8 19.Ng1 Qb4 20.Ra3 b6 21.Rb3 Qe7 22.Qc4 Bh6
23.Nd1 Bxe3 24.Rxe3 Qc5 25.Qe2 Qb4 26.Nf3 a5 27.Rb3 Qxa4 28.Nc3 Qxb3 29.cxb3 Rxf3
30.Qc4 Nc5 31.Rg1 Rxf2+ 32.Rg2 Rxg2+ 33.Kxg2 Rd8 34.Na4 Rd2+ 35.Kg1 Rd1+
36.Kg2 Rd2+ 37.Kg1 Rd1+ 38.Kg2 Rd2+ 39.Kg1 Rd1+  1/2-1/2

[Event "Hoogovens-B"]
[Site "Wijk aan Zee"]
[Date "1971.??.??"]
[Round "?"]
[White "Kostro, Jerzy"]
[Black "Ciocaltea, Victor"]
[Result "1/2-1/2"]
[WhiteElo "2380"]
[BlackElo "2460"]

1.e4 g6 2.d4 Bg7 3.Nc3 c6 4.Nf3 d5 5.h3 Nh6 6.Bd3 O-O 7.O-O f6 8.Bf4 Nf7
9.e5 fxe5 10.dxe5 c5 11.Re1 Be6 12.Qd2 Nc6 13.Bb5 Qb6 14.Bf1 Qa5 15.a3 d4
16.Ne4 Qxd2 17.Nexd2 Rad8 18.b4  1/2-1/2

[Event "IBM-B"]
[Site "Amsterdam"]
[Date "1972.??.??"]
[Round "9"]
[White "Bohm, Hans"]
[Black "Van Geet, Dirk Daniel"]
[Result "0-1"]
[WhiteElo "2200"]
[BlackElo "2380"]

1.e4 g6 2.d4 Bg7 3.Nc3 c6 4.Bc4 Na6 5.Nf3 Nc7 6.O-O d5 7.Bb3 Nf6 8.exd5 cxd5
9.Bf4 Bg4 10.h3 Bxf3 11.Qxf3 O-O 12.Rfe1 Rc8 13.Qe2 e6 14.a4 Nce8 15.a5 Nd6
16.Be5 Nc4 17.Bxc4 Rxc4 18.Nb5 a6 19.b3 Rc6 20.Na7 Rc7 21.b4 Rc4 22.b5 Qa8
23.b6 Ne4 24.Bxg7 Kxg7 25.f3 Nf6 26.c3 Qb8 27.Rab1 Qf4 28.Qe5 Qxe5 29.Rxe5 Ra4
30.c4 Rxc4 31.Ree1 Ne8 32.Rec1 Nd6 33.Rxc4 Nxc4 34.Ra1 Kf6 35.Kf2 e5 36.dxe5+ Kxe5
37.Ke2 Kd4 38.h4 Re8+ 39.Kf2 Kc3 40.h5 d4 41.Rc1+ Kd3 42.hxg6 hxg6 43.Kg3 Nxa5
44.Nc8 Nc4 45.Rxc4 Kxc4 46.Nd6+ Kb3 47.Nxe8 d3 48.Kf2 d2  0-1

[Event "WchT U26"]
[Site "Graz"]
[Date "1972.??.??"]
[Round "9"]
[White "Atanasov, Petko"]
[Black "Podgaets, Mikhail"]
[Result "1/2-1/2"]
[WhiteElo "2450"]
[BlackElo "2485"]

1.e4 g6 2.d4 Bg7 3.Nc3 c6 4.Nf3 d6 5.h3 Nf6 6.Bg5 O-O 7.Qd2 b5 8.Bd3 Nbd7
9.O-O e5 10.Ne2 exd4 11.Nfxd4 Bb7 12.Ng3 Re8 13.Rae1 a6 14.Bh6  1/2-1/2

[Event "URS-chT Moscow"]
[Site "Moscow"]
[Date "1972.??.??"]
[Round "?"]
[White "Pukshansky, Mikhail B"]
[Black "Neimanis"]
[Result "1-0"]
[WhiteElo "2200"]
[BlackElo "2200"]

1.e4 g6 2.d4 Bg7 3.Nc3 c6 4.Nf3 d5 5.h3 h5 6.Bf4 dxe4 7.Nxe4 Qa5+ 8.Ned2 Nh6
9.c3 b5 10.b4 Qb6 11.Nb3 Na6 12.a4 bxa4 13.Rxa4 Nc7 14.Bc4 Nd5 15.Bxd5 cxd5
16.O-O Nf5 17.Ra5 e6 18.Qe2 O-O 19.Rfa1 Ne7 20.Nc5 Nc6 21.Ra6 Bxa6 22.Rxa6 Nxd4
23.Nxd4 Qd8 24.Nc6 Qh4 25.Qe3 Bxc3 26.g3  1-0

[Event "URS-chT Moscow"]
[Site "Moscow"]
[Date "1972.??.??"]
[Round "?"]
[White "Rozhlapa, V."]
[Black "Kobaidze, Tsiuri"]
[Result "0-1"]
[WhiteElo "2000"]
[BlackElo "2125"]

1.e4 g6 2.d4 Bg7 3.Nc3 c6 4.Be3 d6 5.Qd2 Nd7 6.f3 Qa5 7.g4 b5 8.h4 h5 9.g5 e6
10.Bf4 b4 11.Nce2 d5 12.a3 Bf8 13.Nc1 Qb6 14.axb4 Bxb4 15.c3 Bf8 16.b4 Bg7
17.Nb3 Ne7 18.Bd6 e5 19.Bh3 Qd8 20.Na5 exd4 21.cxd4 dxe4 22.fxe4 O-O 23.e5 Nb6
24.Bxc8 Rxc8 25.Nb7 Qe8 26.Rxa7 Qd7 27.Qc2 Ra8 28.Rxa8 Rxa8 29.Na5 Qe6 30.Ne2 Qd5
31.O-O Nf5 32.Qxc6 Nxd6 33.Qxb6 Nf5 34.Qc6 Qd8 35.Rf4 Rc8  0-1

[Event "URS-chT Moscow"]
[Site "Moscow"]
[Date "1972.??.??"]
[Round "?"]
[White "Vitolinsh, Alvis"]
[Black "Gurgenidze, Bukhuti"]
[Result "1-0"]
[WhiteElo "2430"]
[BlackElo "2520"]

1.e4 g6 2.d4 Bg7 3.Nc3 c6 4.Nf3 d5 5.h3 b5 6.a3 dxe4 7.Nxe4 Nf6 8.Nxf6+ exf6
9.Bd3 O-O 10.O-O Be6 11.a4 b4 12.a5 Re8 13.Bd2 Bf8 14.Ra4 Nd7 15.Bxb4 Bxb4
16.Rxb4 Qxa5 17.c3 Nb6 18.Nd2 Kg7 19.Ne4 Qd5 20.Nc5 Qd8 21.Re1 a5 22.Nxe6+ Rxe6
23.Rxe6 fxe6 24.Rb3 Ra7 25.Ra3 c5 26.dxc5 Nc4 27.Ra2 Rd7 28.Qa4 Rxd3 29.Qxc4 Rd1+
30.Kh2 Qc7+ 31.f4 e5 32.Qe2 Rd5 33.b4 exf4 34.Qf3 Rg5 35.Rxa5 Rg3 36.Qa8 Qe5
37.Ra7+ Kh6 38.Qf8+ Kg5 39.h4+ Kg4 40.Qe7 Qxc3 41.Qe6+ f5 42.Qe2+ f3 43.gxf3+ Qxf3
44.Qc4+ Qe4 45.Qxe4+ fxe4 46.Re7 Re3 47.c6 Re2+ 48.Kg1 e3 49.Kf1 Rc2 50.c7 Kf3
51.Rf7+ Ke4 52.b5 Rc1+ 53.Ke2 Kd4 54.Rd7+ Ke4 55.b6  1-0

[Event "URS-chT Moscow"]
[Site "Moscow"]
[Date "1972.??.??"]
[Round "?"]
[White "Pukshansky, Mikhail B"]
[Black "Fedorov, Alexei"]
[Result "0-1"]
[WhiteElo "2200"]
[BlackElo "2200"]

1.e4 g6 2.d4 Bg7 3.Nc3 c6 4.Nf3 d5 5.e5 Bg4 6.h3 Bxf3 7.Qxf3 Qb6 8.Qd3 e6
9.Bd2 h5 10.g3 Ne7 11.Na4 Qc7 12.Bg2 Nd7 13.O-O O-O 14.Bb4 Rfe8 15.b3 Rad8
16.Qe2 Nf5 17.Rad1 a5 18.Ba3 b5 19.Nc5 b4 20.Nxd7 Rxd7 21.Bb2 c5 22.dxc5 Qxc5
23.Kh2 Bh6 24.Rd3 Rc7 25.c3 Rec8 26.Rfd1 bxc3 27.Rxc3 Qb4 28.Rxc7 Rxc7 29.g4 hxg4
30.hxg4 Nh4 31.Rd4 Qc5 32.Ra4 Kg7 33.Kg3 Bg5 34.f4 Bd8 35.Rd4 Kg8 36.Rd1 Qc2
37.Rd2 Qb1 38.Bd4 Qc1 39.Bb2 Qg1 40.Bd4 Qc1 41.Bb2 Qb1 42.Qf1 Qxa2 43.Qb5 Kg7
44.Bxd5 Qb1 45.Qe2 Qg1+ 46.Kh3 exd5 47.e6+ Kh7 48.Bd4 Qh1+ 49.Kg3 Nf3 50.Qxf3 Bh4+  0-1

[Event "Skopje ol (Men) prel"]
[Site "Skopje"]
[Date "1972.??.??"]
[Round "1"]
[White "Todorcevic, Miodrag"]
[Black "Skalkotas, Nikolaos"]
[Result "1-0"]
[WhiteElo "2450"]
[BlackElo "2245"]

1.e4 g6 2.d4 Bg7 3.Nc3 c6 4.Be3 d6 5.Be2 Nf6 6.Qd2 b5 7.a3 Nbd7 8.Bh6 Bxh6
9.Qxh6 Qb6 10.Nf3 Bb7 11.O-O e5 12.dxe5 dxe5 13.a4 a6 14.Ng5 Qc5 15.axb5 cxb5
16.Nd5 Nxd5 17.exd5 Bxd5 18.Rfd1 Bc6 19.Bg4 f5 20.Ne6 Qc4 21.Qg7 Qxe6 22.Qxh8+ Nf8
23.Be2 Ra7 24.Ra3 Re7 25.Rxa6 Qc8 26.Rda1 Kf7 27.Bxb5  1-0

[Event "Skopje ol (Men) prel"]
[Site "Skopje"]
[Date "1972.??.??"]
[Round "6"]
[White "Levy, David Neil Lawrence"]
[Black "Forintos, Gyozo V"]
[Result "1/2-1/2"]
[WhiteElo "2350"]
[BlackElo "2495"]

1.e4 g6 2.d4 Bg7 3.Nc3 c6 4.Bc4 e6 5.Nf3 d5 6.Bd3 Ne7 7.O-O O-O 8.Re1 b6
9.Bg5 Re8 10.Qd2 f6 11.Bh6 Ba6 12.Bxa6 Nxa6 13.h4 Nc7 14.Qf4 Rf8 15.Rad1 Qd7
16.Bxg7 Kxg7 17.h5 gxh5 18.Qh2 Ng6 19.Qxh5 Rae8 20.Nh2 Re7 21.Ng4 Kh8 22.e5 Ne8
23.exf6 Nxf6 24.Nxf6 Rxf6 25.Rd3 Rf5 26.Qh6 Ref7 27.Rg3 R7f6 28.Nd1 Qf7 29.Qd2 Qf8
30.f3 Qd6 31.Rg5 Nh4 32.Rxf5 Rxf5 33.Qf2 Qf4 34.Ne3 Rg5 35.Ng4 Nf5 36.Rxe6 Nxd4
37.Re8+ Rg8 38.Qe1 Nxc2 39.Rxg8+ Kxg8 40.Qe8+ Qf8 41.Nf6+ Kg7 42.Nh5+ Kg8
43.Nf6+ Kg7 44.Nh5+ Kg8 45.Qxc6 Qc5+ 46.Qxc5 bxc5 47.Nf6+ Kf7 48.Nxd5 Ke6
49.Nc3 Nb4 50.Kf2 Nd3+ 51.Ke2 Nxb2 52.Ke3 Nc4+ 53.Kf4 Kd6 54.Nb5+ Kd5 55.Nc3+ Kd4
56.Nb5+ Kd5 57.Nxa7 Nd6 58.a4 c4 59.Nb5 Nxb5 60.axb5 Kc5 61.Ke4  1/2-1/2

[Event "Skopje ol (Men) fin-B"]
[Site "Skopje"]
[Date "1972.??.??"]
[Round "8"]
[White "Gutierrez, Jose Antonio"]
[Black "Vizantiadis, Lazaros"]
[Result "1/2-1/2"]
[WhiteElo "2350"]
[BlackElo "2260"]

1.e4 g6 2.d4 Bg7 3.Nc3 c6 4.f4 d5 5.e5 h5 6.Nf3 Bg4 7.h3 Bxf3 8.Qxf3 e6 9.Be3 Nh6
10.Bd3 h4 11.O-O-O b5 12.g4 hxg3 13.h4 Nf5 14.Bxf5 gxf5 15.Qxg3 Bf8 16.h5 Nd7
17.Bf2 Qa5 18.Kb1 O-O-O 19.Ne2 Nb6 20.Be1 b4 21.Nc1 Qb5 22.Qd3 Nc4 23.Bh4 Re8
24.Bf6 Rh7 25.Qg3 Bh6 26.Nb3 Nb6 27.Rdg1 Nd7 28.Bg5 Bf8 29.Rc1 a5 30.Qd3 a4
31.Qxb5 cxb5 32.Nd2 Kb7 33.Nf3 Bg7 34.Rh2 Reh8 35.Rch1 Bh6 36.Rh4 Rg8 37.Kc1 Nb8
38.Kd2 Nc6 39.Kd3 Kc7 40.Rg1 Kd7  1/2-1/2

[Event "Skopje ol (Men) fin-C"]
[Site "Skopje"]
[Date "1972.??.??"]
[Round "11"]
[White "Fuller, Maxwell L"]
[Black "Delgado, Simon"]
[Result "1/2-1/2"]
[WhiteElo "2280"]
[BlackElo "2200"]

1.e4 g6 2.d4 Bg7 3.Nc3 c6 4.Be3 d6 5.Qd2 Nd7 6.O-O-O b5 7.Bd3 Qa5 8.Kb1 Rb8
9.h4 h5 10.Nh3 Ngf6 11.f3 Nb6 12.e5 Nfd5 13.Nxd5 Qxd2 14.Bxd2 Nxd5 15.exd6 Bxh3
16.gxh3 e6 17.c3 Kd7 18.a4 b4 19.Kc2 bxc3 20.bxc3 a5 21.Be4 Kxd6 22.Bxd5 Kxd5
23.Bf4 Rb7 24.Rb1 Rxb1 25.Rxb1 e5 26.dxe5 Bxe5 27.Rd1+ Ke6 28.Re1 f6 29.Bxe5 fxe5
30.f4 Rf8 31.Rxe5+ Kd6 32.Re4 Rf5 33.c4 Kd7 34.Kd3 Kd6 35.Kd4 Kd7 36.Ke3 Kd6
37.Re8 Rc5 38.Kd4 Rf5 39.c5+ Kd7 40.Re4 Rd5+ 41.Kc4 Rf5 42.Rd4+ Kc7 43.Re4 Kd7  1/2-1/2

[Event "Skopje ol (Men) fin-C"]
[Site "Skopje"]
[Date "1972.??.??"]
[Round "14"]
[White "Saren, Ilkka J"]
[Black "Delgado, Simon"]
[Result "1-0"]
[WhiteElo "2200"]
[BlackElo "2200"]

1.e4 g6 2.d4 Bg7 3.Nc3 c6 4.Nf3 d6 5.a4 Nf6 6.Be2 O-O 7.O-O Bg4 8.h3 Bxf3
9.Bxf3 e5 10.Be3 Nbd7 11.a5 Re8 12.dxe5 dxe5 13.a6 b5 14.Qd2 Nb6 15.Qxd8 Rexd8
16.b3 Ne8 17.Rfd1 Nc7 18.Rxd8+ Rxd8 19.Nd1 f6 20.Nb2 Bf8 21.Nd3 Ne6 22.Bxb6 axb6
23.a7 Nc7 24.Be2 Ra8 25.Bg4 Rd8 26.f4 exf4 27.Nxf4 Na8 28.Ne6 Rd2 29.Rd1 Rxd1+
30.Bxd1 Bd6 31.e5 Kf7 32.Nd8+ Ke8 33.Nxc6 fxe5 34.Bf3 Nc7 35.Nb8 b4 36.Na6  1-0

[Event "Stary Smokovec"]
[Site "Stary Smokovec"]
[Date "1972.??.??"]
[Round "5"]
[White "Novak, Ivan"]
[Black "Vogt, Lothar"]
[Result "0-1"]
[WhiteElo "2200"]
[BlackElo "2390"]

1.e4 g6 2.d4 Bg7 3.Nc3 c6 4.h3 d6 5.f4 e5 6.dxe5 Qh4+ 7.Ke2 dxe5 8.Nf3 Bg4
9.g3 Bxf3+ 10.Kxf3 Qe7 11.Kg2 Nd7 12.Bd3 Ngf6 13.Qf3 Nc5 14.fxe5 Nfd7 15.Be3 Nxe5
16.Qe2 O-O 17.Rad1 Rad8 18.Bc4 b5 19.Bb3 Ned7 20.Bd4 a5 21.a3 Bxd4 22.Rxd4 Nxb3
23.cxb3 Nc5 24.Rxd8 Rxd8 25.b4 axb4 26.axb4 Ne6 27.Rd1 Rxd1 28.Qxd1 Qxb4
29.Qe2 Qd4 30.h4 Nc5 31.Kf3 Kf8 32.Nb1 h5 33.Qc2 Nd3 34.Qd2 c5 35.b3 Ne5+
36.Kf4 Nd3+ 37.Kf3 Kg7 38.Qe2 Ne5+ 39.Kg2 c4 40.bxc4 Nxc4 41.Kf3 Kf6 42.Qe1 Qb2
43.Kf4 Ke6 44.Kg5 Qf6+ 45.Kh6 Qh8+ 46.Kg5 Ne5  0-1

[Event "Stary Smokovec"]
[Site "Stary Smokovec"]
[Date "1972.??.??"]
[Round "6"]
[White "Franzen, Josef"]
[Black "Vogt, Lothar"]
[Result "0-1"]
[WhiteElo "2330"]
[BlackElo "2390"]

1.e4 g6 2.d4 Bg7 3.Nc3 c6 4.f4 d5 5.e5 h5 6.Nf3 Bg4 7.Be3 e6 8.Be2 Ne7 9.Qd2 Nd7
10.Nd1 Nf5 11.Bf2 Bxf3 12.Bxf3 Nh4 13.Bxh4 Qxh4+ 14.g3 Qd8 15.Ne3 Bf8 16.h3 Be7
17.O-O-O Qb6 18.g4 hxg4 19.hxg4 O-O-O 20.Kb1 c5 21.c3 Qa5 22.Qg2 Nb6 23.Be2 Na4
24.Bf3 Kb8 25.Rxh8 Rxh8 26.Nxd5 exd5 27.Bxd5 Qb5 28.Qc2 c4 29.Bxf7 Ba3 30.b3 Rc8
31.Rh1 cxb3 32.Bxb3 Rxc3 33.Rh8+ Kc7  0-1

[Event "Stary Smokovec"]
[Site "Stary Smokovec"]
[Date "1972.??.??"]
[Round "12"]
[White "Franzen, Josef"]
[Black "Timoshchenko, Gennadi A"]
[Result "1/2-1/2"]
[WhiteElo "2330"]
[BlackElo "2380"]

1.e4 g6 2.d4 Bg7 3.Nc3 c6 4.Nf3 d6 5.Bc4 d5 6.exd5 b5 7.Be2 b4 8.Na4 cxd5
9.a3 bxa3 10.Rxa3 Nf6 11.O-O O-O 12.Ne5 Ne4 13.Bf4 a5 14.Rb3 g5 15.Be3 f6
16.Rxb8 Rxb8 17.Nc6 Qc7 18.Nxb8 Qxb8 19.c4 dxc4 20.Bxc4+ Kh8 21.Bd3 Nd6 22.Qc2 h6
23.f4 Qb4 24.fxg5 fxg5 25.Rxf8+ Bxf8 26.Qf2 Bg7 27.Nc3 Be6 28.h4 gxh4 29.Qxh4 Nf5
30.Bxf5 Bxf5 31.Nd5 Qb3 32.Bxh6 Qxd5 33.Bxg7+ Kxg7 34.Qxe7+ Kg6 35.Qe5 Qxe5
36.dxe5 Be6 37.Kf2 Kf5 38.Ke3 Kxe5 39.Kd3 Kf4 40.g4 Kxg4 41.Kc3 a4 42.Kc2 Bb3+
43.Kb1  1/2-1/2

[Event "Australia op"]
[Site "Australia"]
[Date "1973.??.??"]
[Round "2"]
[White "Brodie, A."]
[Black "Rudzitis, A."]
[Result "1-0"]
[WhiteElo "2200"]
[BlackElo "2200"]

1.e4 g6 2.d4 c6 3.Nc3 Bg7 4.Nf3 d6 5.h3 Nd7 6.a4 e5 7.dxe5 dxe5 8.Bc4 Ne7
9.Be3 O-O 10.O-O h6 11.Qd6 Nb6 12.Qxd8 Rxd8 13.Bb3 Be6 14.Bxe6 fxe6 15.Nd2 g5
16.a5 Nd7 17.Nc4 c5 18.Nb5 Nc6 19.Nc7 Rab8 20.Nxe6 Re8 21.Nxc5 Nf6 22.Nd6 Re7
23.c3 Bf8 24.f3 Rc7 25.Rfd1 Nd4 26.cxd4 Bxd6 27.dxe5 Bxe5 28.Nd3 Bg3 29.Bxa7 Re8
30.Rac1 Rce7 31.Bf2 Bb8 32.b4 h5 33.Bc5 Re6 34.g4 hxg4 35.hxg4 Kf7 36.Kg2 Kg6
37.Bf2 R6e7 38.Bg3 Nxg4 39.fxg4 Rxe4 40.Bxb8 Rxb8 41.Kf3 Re7  1-0

[Event "Australia op"]
[Site "Australia"]
[Date "1973.??.??"]
[Round "5"]
[White "Fuller, Maxwell L"]
[Black "Raipalis, K."]
[Result "1-0"]
[WhiteElo "2365"]
[BlackElo "2200"]

1.e4 g6 2.d4 Bg7 3.Nc3 c6 4.Nf3 d6 5.a4 Bg4 6.Be2 Nd7 7.O-O c5 8.d5 Ngf6
9.Nd2 Bxe2 10.Qxe2 O-O 11.Nc4 a6 12.a5 Ne8 13.Bg5 f6 14.Bh4 Nc7 15.Na4 Rb8
16.f4 Nb5 17.c3 Re8 18.Qd3 Qc7 19.Bg3 Rf8 20.Nab6 Rbd8 21.Rfe1 Nxb6 22.axb6 Qd7
23.Rad1 Rfe8 24.Qf3 Rf8 25.Qd3 Qc8 26.f5 g5 27.h4 h6 28.Qf3 Rd7 29.hxg5 hxg5
30.Kf2 Qe8 31.Rh1 Qf7 32.Rh5 Rdd8 33.Rdh1 Rb8 34.Rh7 Rfd8 35.Qg4 Kf8 36.R1h6 Bxh6
37.Rxf7+ Kxf7 38.Qh5+ Kg7 39.Qg6+ Kf8 40.Qxh6+ Ke8 41.e5 dxe5 42.Bxe5 Nd6
43.Bxd6  1-0

[Event "EU-chT"]
[Site "Bath"]
[Date "1973.??.??"]
[Round "1"]
[White "Kostro, Jerzy"]
[Black "Eising, Johannes"]
[Result "1-0"]
[WhiteElo "2385"]
[BlackElo "2415"]

1.e4 g6 2.d4 Bg7 3.Nc3 c6 4.Nf3 d6 5.Be2 Nf6 6.O-O O-O 7.h3 b5 8.e5 Ne8 9.Bf4 Nd7
10.Re1 Bb7 11.e6 fxe6 12.Ng5 Nc7 13.Qd2 e5 14.dxe5 Nxe5 15.Bg3 Nf7 16.Nxf7 Rxf7
17.Rad1 Qf8 18.h4 Bh6 19.Qd3 Qg7 20.Bf3 Raf8 21.h5 g5 22.Bg4 Bc8 23.Bxc8 Rxc8
24.Qe4 Na6 25.Qe6 Rd8 26.Ne4 Nc7 27.Qb3 Rf8 28.c4 bxc4 29.Qb7 Ne6 30.Qxc6 Nf4
31.Bxf4 gxf4 32.f3 Qxb2 33.Qxc4 Kh8 34.Rb1 Qg7 35.Rb7 Qe5 36.Rb5 Qg7 37.Qe6 a6
38.Rb7 Rg8 39.Re2 Qd4+ 40.Kh2 Qg7 41.Nxd6 Rf6 42.Qxe7 Rxd6 43.Qxd6 Qxb7 44.Qxh6 Qf7
45.Re6  1-0

[Event "Buenos Aires CA"]
[Site "Buenos Aires"]
[Date "1973.??.??"]
[Round "13"]
[White "Pilnik, Herman"]
[Black "Emma, Jaime"]
[Result "1/2-1/2"]
[WhiteElo "2435"]
[BlackElo "2385"]

1.e4 g6 2.d4 Bg7 3.Nc3 c6 4.Bc4 b5 5.Bb3 d6 6.Qf3 e6 7.d5 b4 8.dxe6 Bxe6
9.Nd1 Nd7 10.Bxe6 fxe6 11.Qb3 Nc5 12.Qxb4 Nf6 13.Nc3 O-O 14.Nf3 Nfd7 15.Be3 Rb8
16.Qa3 Rb6 17.Nd2 Qb8 18.Bxc5 Nxc5 19.Nd1 Rxb2 20.O-O Rxc2 21.Rb1 Qc7 22.Nf3 d5
23.e5 Bxe5 24.Nxe5 Qxe5 25.Ne3 Rc3 26.Qxa7 d4 27.Ng4 Qg7 28.Qxg7+ Kxg7 29.Ne5 Ra8
30.Nxc6 d3 31.Rfd1 Rxa2 32.Nb4 Re2 33.Kf1 Re4 34.f3 Rd4 35.Kf2 Nb3 36.Nc6 Rd6
37.Ne5 Rc2+ 38.Kg3 Nc5 39.Rb4 Rd5 40.Ng4 Re2 41.h4 h5 42.Nf2 d2 43.Rc4 Nd3
44.Rc7+ Kf6 45.Ne4+ Ke5 46.Nc3 Nf4 47.Nxe2 Nxe2+ 48.Kf2 Nc1 49.Rdxc1 dxc1=Q  1/2-1/2

[Event "DSV-Turnier"]
[Site "Leipzig"]
[Date "1973.??.??"]
[Round "2"]
[White "Atanasov, Gospodin"]
[Black "Zinn, Lothar"]
[Result "1/2-1/2"]
[WhiteElo "2440"]
[BlackElo "2435"]

1.e4 g6 2.d4 Bg7 3.Nc3 c6 4.Nf3 d6 5.h3 Nd7 6.Be3 Qc7 7.Qd2 b5 8.a3 a6 9.Bd3 Bb7
10.O-O Ngf6 11.Bh6 O-O 12.Qg5 e5 13.Rfe1 Nh5 14.Bxg7 Nxg7 15.Qh6 f6 16.h4 Rae8
17.Rad1 Rf7 18.dxe5 dxe5 19.Bf1 Rd8 20.Qe3 Nf8 21.Rxd8 Qxd8 22.Ne2 Nge6 23.h5 Rd7
24.hxg6 hxg6 25.Nc1 c5 26.a4 Bc6 27.Nd3 Qe7 28.axb5 axb5 29.c3 Ra7 30.g3 Ra2
31.Nd2 Be8 32.Rb1 Qa7 33.Kg2 Kg7 34.Be2 c4 35.Qxa7+ Rxa7 36.Nb4 Nc5 37.f3 Nfe6
38.Kf2 Na4 39.Nd5 Nc7 40.Nb4 Bf7 41.Bd1 Nc5 42.b3 Ra3 43.bxc4 bxc4 44.Rc1 Nb5
45.Be2 Nd6 46.Nb1 Ra1 47.Rd1 Nb5 48.Ke1 Na3 49.Nxa3 Rxa3 50.Nd5 Na4 51.Rc1  1/2-1/2

[Event "ARG-ch"]
[Site "Santa Fe"]
[Date "1973.??.??"]
[Round "2"]
[White "Morgado, Juan J"]
[Black "Rossetto, Hector"]
[Result "0-1"]
[WhiteElo "2200"]
[BlackElo "2435"]

1.e4 c6 2.Nc3 g6 3.d4 Bg7 4.Be2 d5 5.exd5 cxd5 6.Bf3 e6 7.Nge2 Ne7 8.O-O Nbc6
9.Na4 b6 10.c3 Ba6 11.b3 Rc8 12.Re1 O-O 13.Bf4 Nf5 14.g3 Nce7 15.Rc1 Re8
16.Nb2 h6 17.h4 Nc6 18.Bg4 Nxh4 19.gxh4 Qxh4 20.Ng3 h5 21.Bxe6 Rxe6 22.Rxe6 fxe6
23.Qd2 Qg4 24.Kh2 Rf8 25.Bd6 Rf3 26.Nd1 h4  0-1

[Event "ARG-ch"]
[Site "Santa Fe"]
[Date "1973.??.??"]
[Round "3"]
[White "Hase, Juan C"]
[Black "Rebizzo, Cayetano"]
[Result "1/2-1/2"]
[WhiteElo "2420"]
[BlackElo "2200"]

1.e4 c6 2.d4 g6 3.Nc3 Bg7 4.h3 d5 5.Nf3 e6 6.Bg5 Ne7 7.Qd2 h6 8.Bf4 Nd7 9.Be2 Nf6
10.Bd3 b6 11.g4 Bb7 12.O-O-O a6 13.g5 hxg5 14.Nxg5 b5 15.Be5 Qd7 16.Qf4 Neg8
17.Rhe1 O-O-O 18.h4 Rf8 19.Bf1 Nh5 20.Qh2 Bxe5 21.dxe5 Ng7 22.exd5 cxd5 23.Qf4 Nf5
24.Nf3 Qe7 25.Bh3 Ngh6 26.Ne2 Kb8 27.Ned4 Rc8 28.Kb1 Rc4 29.Bf1 Rc7 30.Qg5 Qb4
31.h5 Rg8 32.hxg6 Rxg6 33.Qd2 Qxd2 34.Rxd2 Rg4 35.Nxf5 Nxf5 36.Bh3 Rf4 37.Bxf5 Rxf5
38.Nd4 Rf4 39.Rg1 Rc4 40.c3 b4 41.Kc2 Bc6 42.f3  1/2-1/2

[Event "URS-ch sf"]
[Site "Tbilisi"]
[Date "1973.??.??"]
[Round "1"]
[White "Dvorietzky, Mark I"]
[Black "Zilberstein, Valery I"]
[Result "1/2-1/2"]
[WhiteElo "2485"]
[BlackElo "2470"]

1.e4 g6 2.d4 Bg7 3.Nc3 c6 4.Nf3 d5 5.h3 Nf6 6.e5 Ne4 7.Nxe4 dxe4 8.Ng5 c5
9.dxc5 Qa5+ 10.Bd2 Qxc5 11.Bc3 Nc6 12.Nxe4 Qb6 13.Bc4 O-O 14.O-O Bxe5 15.Bxe5 Nxe5
16.Bb3 Be6 17.Qe2 Bxb3 18.axb3 Rad8 19.Rfd1 Nc6 20.c3 a5 21.Qc4 Rxd1+ 22.Rxd1 Rd8
23.Rxd8+ Qxd8 24.Nc5 Qd1+ 25.Kh2 Qd6+ 26.Kg1 Qd1+  1/2-1/2

[Event "URS-ch sf"]
[Site "Tbilisi"]
[Date "1973.??.??"]
[Round "9"]
[White "Gufeld, Eduard"]
[Black "Podgaets, Mikhail"]
[Result "1/2-1/2"]
[WhiteElo "2500"]
[BlackElo "2465"]

1.e4 g6 2.d4 Bg7 3.Nc3 c6 4.Nf3 d6 5.Be2 Nf6 6.O-O O-O 7.Bf4 Bg4 8.h3 Bxf3
9.Bxf3 Nfd7 10.Be3 e6 11.Qd2 d5 12.Bh6 Na6 13.Bxg7 Kxg7 14.Rfe1 Nc7 15.Rad1 f5
16.exf5 Rxf5 17.Bg4 Rf6 18.Ne2 h5 19.Bf3 e5 20.Ng3 e4 21.Bxh5 gxh5 22.Nxh5+ Kh8
23.Nxf6 Qxf6 24.f3 Re8 25.fxe4 dxe4 26.c4 b5 27.Rf1 e3 28.Qe2 Qg5 29.Rf7 Ne6
30.Rxd7 Nf4 31.Qf3 e2 32.Re1 Re3 33.Rd8+ Kg7 34.Rd7+ Kh8 35.Rd8+ Kg7 36.Rd7+ Kh8
37.Rd8+ Kg7 38.Rd7+ Kh8 39.Rd8+ Kg7 40.Rd7+ Kh8  1/2-1/2

[Event "Espergarde"]
[Site "Espergarde"]
[Date "1974.??.??"]
[Round "2"]
[White "Andersen, Joh"]
[Black "Wennerwald, P."]
[Result "1-0"]
[WhiteElo "2200"]
[BlackElo "2200"]

1.e4 c6 2.d4 g6 3.Nc3 Bg7 4.Be3 d5 5.Be2 h5 6.Qd2 Nh6 7.f3 dxe4 8.fxe4 Ng4
9.Bxg4 hxg4 10.Nge2 Qd6 11.O-O-O Rxh2 12.Bf4 Rxh1 13.Rxh1 e5 14.Bh6 Bf6 15.Bg5 Nd7
16.d5 Nb6 17.Bxf6 Qxf6 18.Qh6 Bd7 19.dxc6 bxc6 20.a4 O-O-O 21.b3 Na8 22.Qe3 Kb8
23.Qc5 Bc8 24.Qb4+ Bb7 25.Kb2 Qd6 26.Qc4 Qe7 27.Rh7 Rf8 28.Nc1 Nb6 29.Qe2 Bc8
30.a5 Nd7 31.Qc4 Qc5 32.Qa4 Ba6 33.b4 Qc4 34.Nb3 Bb5 35.Qa3 Nf6 36.Rh1 Nxe4
37.Nxe4 Qxe4 38.Rd1 Qxg2 39.Nc5 Qf3 40.Qa1 Re8 41.Rd7 Qf4 42.Qe1 g3 43.Ne4 c5
44.Rd5 Bc6 45.Qe2 f5 46.Qa6 Bb7 47.Qb5 Rc8 48.a6  1-0

[Event "FRG-ch"]
[Site "Menden"]
[Date "1974.??.??"]
[Round "?"]
[White "Krieger, Hermann"]
[Black "Muender, Michael"]
[Result "1-0"]
[WhiteElo "2200"]
[BlackElo "2200"]

1.e4 g6 2.d4 Bg7 3.Nc3 c6 4.Nf3 d5 5.exd5 cxd5 6.Bf4 a6 7.Be2 Nc6 8.O-O Nh6
9.Na4 Nf5 10.c3 O-O 11.Re1 Nd6 12.Ne5 f6 13.Nxc6 bxc6 14.Bf3 Re8 15.Nc5 e5
16.dxe5 fxe5 17.Bxd5+ cxd5 18.Qxd5+ Nf7 19.Qxa8 exf4 20.Nxa6 Rf8 21.Nb4 Qh4
22.Qc6 Ng5 23.Re8 Bf5 24.Qd5+ Kh8 25.Rae1 f3 26.Qd6 Qh6 27.h4 fxg2 28.Rxf8+ Bxf8
29.Qf6+  1-0

[Event "FRG-ch"]
[Site "Menden"]
[Date "1974.??.??"]
[Round "?"]
[White "Westermeier, Arnulf"]
[Black "Mubedi, Mir Dhjan"]
[Result "1-0"]
[WhiteElo "2200"]
[BlackElo "2200"]

1.e4 g6 2.d4 Bg7 3.Nc3 c6 4.Nf3 d5 5.h3 e6 6.Bf4 Nf6 7.e5 Ng8 8.Qd2 Nd7 9.Bd3 a6
10.Ne2 c5 11.c3 Qc7 12.O-O Ne7 13.g4 Nc6 14.Kg2 b6 15.Bh6 O-O 16.Bxg7 Kxg7
17.Nf4 Rg8 18.h4 Qd8 19.Rh1 Qe7 20.g5 Kf8 21.h5 Ke8 22.Rh3 Nf8 23.Rah1 Kd8
24.Kh2 Ra7 25.a3 Kc7 26.Ng2 Kb8 27.Ne3 Qc7 28.Ng4 Nd7 29.hxg6 hxg6 30.Rh7 Nd8
31.Kg2 Nf8 32.R7h3 Nd7 33.Nf6 Nxf6 34.gxf6 Nc6 35.Rh7 Qd8 36.Qh6 Rd7 37.Rg7 Rf8
38.Qf4 Rh8 39.Rhh7 Rxh7 40.Rxh7 Qc7 41.Qh6 Nd8 42.Rg7 cxd4 43.cxd4 Ka7 44.Ng5 Bb7
45.Qh7 Qc1 46.Nxf7 Nxf7  1-0

[Event "Nice olm prel"]
[Site "Nice"]
[Date "1974.??.??"]
[Round "1"]
[White "Suwuh, J."]
[Black "Czerniak, Moshe"]
[Result "1-0"]
[WhiteElo "2200"]
[BlackElo "2410"]

1.e4 g6 2.d4 Bg7 3.Nc3 c6 4.Bc4 d6 5.Qf3 e6 6.Nge2 Nd7 7.Bf4 Qe7 8.O-O-O e5
9.dxe5 Nxe5 10.Bxe5 dxe5 11.g4 Nf6 12.Rhg1 Nd7 13.a3 Nc5 14.h4 Be6 15.Bxe6 Nxe6
16.Qh3 Nd4 17.Nxd4 exd4 18.Nb1 O-O-O 19.Nd2 Qe6 20.Qd3 Bf6 21.g5 Be5 22.Kb1 h6
23.Nf3 hxg5 24.Rxg5 Bf6 25.Ra5 Kb8 26.Ng5 Qe7 27.Qg3+ Ka8 28.Qf4 b6 29.Ra4 c5
30.e5 Bxg5 31.hxg5 Rh5 32.c3 dxc3 33.Qf3+ Kb8 34.Rxd8+ Qxd8 35.e6 fxe6 36.Qf4+ Qc7
37.Qf8+ Kb7 38.Qf3+ Kb8 39.Qf8+ Qc8 40.Qf4+ Qc7 41.Qf8+ Kb7 42.Qf3+ Kb8 43.Rf4 Qe5
44.Rf8+ Kc7 45.Qf7+ Kc6 46.Qe8+ Kd5 47.Qd7+ Qd6 48.Qb7+ Kc4 49.Qa6+ Kd4 50.bxc3+ Kxc3
51.Rf3+ Kd2 52.Qf1 Qd4 53.Qc1+ Ke2 54.Re3+ Qxe3 55.Qxe3+ Kf1 56.f4 Rh2 57.Qxe6 Rf2
58.Qxg6 Rxf4 59.Qf6  1-0